লোডিং...

The life of muhammad

গ্রন্থ-পঞ্জীর বিবরন
প্রধান লেখক: Husayn haykal,muhammad
বিন্যাস: Printed Book
ভাষা:English
প্রকাশিত: ibt
LEADER 00418nam a22001337a 4500
008 190327b ||||| |||| 00| 0 eng d
999 |c 333228  |d 333228 
020 |a 9789839154184 
082 |a 922.1 
100 |a Husayn haykal,muhammad 
245 |a The life of muhammad 
260 |a ibt 
942 |c BK 
952 |0 0  |1 0  |2 ddc  |4 0  |6 922_100000000000000  |7 0  |9 380673  |a ARA  |b ARA  |c ST1  |d 2019-03-27  |i 9308  |l 0  |o 922.1  |p ara9308  |r 2019-03-27  |w 2019-03-27  |y BK